| 000 | 00888nam a2200253Ia 4500 | ||
|---|---|---|---|
| 003 | OSt | ||
| 005 | 20220916110919.0 | ||
| 006 | a|||||r|||| 00| 0 | ||
| 007 | ta | ||
| 008 | 220915b |||||||| |||| 00| 0 san d | ||
| 024 | _a43224 | ||
| 037 | _cTextbook | ||
| 040 |
_bsan _aARTS _cARTS |
||
| 041 | _asan | ||
| 082 | _aO15:gxH35,1, 152M2(EPS)-;3 TTPS) | ||
| 100 | _aकविराज, विश्वनाथ | ||
| 245 | 0 | _aसाहित्यदर्पणः | |
| 246 | _aSāhityadarpaṇah | ||
| 260 |
_aवाराणसी _bचौखम्बा संस्कृत संस्थान भारत _c1982 |
||
| 300 |
_a902पण् _ccm. |
||
| 650 | _aहिन्दी साहित्य | ||
| 942 |
_hO15:gxH35,1, 152M2(EPS)-;3 TTPS) _cTB _2CC |
||
| 999 |
_c101232 _d101232 |
||